000 00381nam a2200157 4500
008 190712s1992||||xo d
100 1 _aMusset Jacques
_91299
245 1 0 _aOdkrývanie sveta Biblie - SZ
250 _a1.vydanie
260 _bMladé letá
_aBratislava
_c1992
300 _a261 s.
020 _c0
_a8006004382
041 1 _aslo
044 _axo
_cSK
958 _aA
999 _c22647
_d22647